000 00662nam a2200241Ia 4500
003 OSt
005 20220926012115.0
006 a|||||r|||| 00| 0
007 ta
008 220923b |||||||| |||| 00| 0 eng d
037 _cGeneral Book
040 _aRTL
_cRTL
_beng
041 _2eng
_aeng
082 _aY, L1
100 _aMurphy Robert F
_9315518
245 0 _aDialactics of social life
_b Alarms and excursions i
260 _aNew York
_bBasic Books
_c1971
300 _ax, 261p
_ccm.
500 _aBibliography P 245-51
650 _aEssays Sociology
942 _hY, L1
_cGB
_2CC
999 _c621716
_d621716